Κοινωνική ευημερία και οικονομική οργάνωση : μια ομιλία

Αποθηκεύτηκε σε:
Λεπτομέρειες βιβλιογραφικής εγγραφής
Κύριος συγγραφέας: Ζολώτας, Ξενοφών Ε., 1904-2004
Συγγραφή απο Οργανισμό/Αρχή: Τράπεζα της Ελλάδος
Μορφή: Βιβλίο
Γλώσσα:Greek
Δημοσίευση: Αθήνα : Τράπεζα της Ελλάδος, 1979
Σειρά:Αρχείο μελετών και ομιλιών ; ; 36
Θέματα:
Ετικέτες: Προσθήκη ετικέτας
Δεν υπάρχουν, Καταχωρήστε ετικέτα πρώτοι!

MARC

LEADER 00000cam a2200000 i 4500
001 1/43364
008 960216s1976 gr | ||| |||| ||gre||
035 |l 10025765 
040 |a GR-MY-UA  |b gre  |e aacr 
041 0 |a gre 
082 0 |a 338.9 
100 1 |a Ζολώτας, Ξενοφών Ε.,   |d 1904-2004. 
245 1 0 |a Κοινωνική ευημερία και οικονομική οργάνωση :  |b μια ομιλία /  |c Ξενοφ.Ε.Ζολώτας ; Τράπεζα της Ελλάδος 
260 |a Αθήνα :   |b Τράπεζα της Ελλάδος,   |c 1979 
300 |a 32 σ. 
490 1 |a Αρχείο μελετών και ομιλιών  |v ; 36 
650 0 0 |a Economic development  |z Greece. 
710 2 |a Τράπεζα της Ελλάδος. 
830 0 |a Αρχείο μελετών και ομιλιών ;  |v ; 36 
852 |a INST  |b CHIOS  |e 19960216  |h 338.9 ΖΟΛ  |p 005200000959  |q 005200000959  |t BK  |y 0 
909 |a Χ  |b 016393